000 01178nam a22002777a 4500
999 _c22035
_d22035
003 AR-CdUCM
008 190425b ||||| |||| 00| 0 spa d
040 _aMUNICIPALIDAD PROVINCIAL DEL CUSCO
_cBIBLIOTECA MUNICIPAL DEL CUSCO
082 _aDiva/N°8/1999
245 _aDIVA Technical report /
246 _aLa morada, la gente y la biodiversidad
260 _aCusco :
_bCentro Bartolomé de las Casas,
_c1999.
300 _a125 páginas. :
_c30 cm.
440 _aDiva.
_nN° 8, 1999
_947218
505 _aContenido: La gente y su cultura. -- Vegetacion. -- Uso de recursos forestales. -- Las aves del área de la morada. -- The people and their culture. -- Vegetation. -- Use of forest resources. -- The birds of the la morada área. -- Diversidad de helechos y plantas afines. -- Aves del área de la morada.
650 _aBiodiversidad
_919327
650 _aAgricultura
_9320
650 _aGanadería
_9321
650 _aMedio ambiente
_947219
700 _aSamamé, María del Carmen
_947220
700 _aEspinoza Camus, Carolina
_947221
700 _aQuipuscoa Silvestre, Víctor
_947222
700 _aRamírez, David
_947223
942 _2ddc
_cPP
945 _avhl